| 000 | 01588cam a22004337a 4500 | ||
|---|---|---|---|
| 001 | 000092827 | ||
| 003 | CHAP | ||
| 005 | 20220329142906.0 | ||
| 008 | 050117d2004 mx r 00110 spa d | ||
| 010 | _a89293 | ||
| 011 | _a90265 | ||
| 035 | _a100821 | ||
| 040 | _cCHAP | ||
| 090 | _aTesis | ||
| 100 | 0 | 0 |
_aGarcía Pacheco, Guilebaldo. _946412 |
| 245 | 1 | 3 |
_aEl miltomate en unicultivo y en asociación con maíz- frijol : _bun análisis productivo y socioeconomico / _c/por Guilebardo García Pacheco. |
| 260 |
_aChapingo, Méx. : _bEl autor, _c2004. |
||
| 300 |
_a69 h. : _bilus.; Gráfs.; cuadros. |
||
| 502 | _aTesis (Ing. en Agroecología ) -- UACH. Departamento de Agroecología | ||
| 590 |
_aALEPH _b10 _c20130110 _lUCH01 _h1502 |
||
| 590 |
_aBATCH-UPD _b10 _c20130110 _lUCH01 _h0705 |
||
| 590 |
_aBATCH-UPD _b10 _c20130410 _lUCH01 _h0350 |
||
| 590 |
_aBATCH-UPD _b10 _c20130914 _lUCH01 _h0206 |
||
| 590 |
_aBATCH-UPD _b10 _c20140324 _lUCH01 _h1447 |
||
| 590 |
_aBATCH-UPD _b10 _c20141002 _lUCH01 _h0824 |
||
| 590 |
_aCONVERSION _b10 _c20130109 _lUCH01 _h1349 |
||
| 590 |
_aE792CSJ _b10 _c20130627 _lUCH01 _h1002 |
||
| 650 | 1 | 4 |
_aAgricultura _xSociedades. _91797 |
| 650 | 1 | 4 |
_aAlimentos _xAnálisis. _94164 |
| 650 | 1 | 4 |
_aCultivos asociados. _930370 |
| 650 | 1 | 4 |
_aTomate verde _xRendimiento. _9113834 |
| 856 |
_3Finding aid _uhttp://10.13.5.2/tesis/100821.pdf _zTeclea aquí |
||
| 901 | _aBK | ||
| 905 | _aElisama A. H. | ||
| 942 | _cCD | ||
| 942 | _n0 | ||
| 949 |
_aTesis _bBC _cTES _d100821 _eTS1 _h42817 _i100821 _sb |
||
| 949 |
_aTesis _bBC _cTES _d33724000930384 _eTS2 _fc.2 _h42818 _i100821 _si |
||
| 999 |
_c89293 _d89293 |
||